The Most-Published Comic Book Characters Quiz has been played 84,580 times (20 today)
| Number |
% Answered |
| 167 (all) | | 0% | | 159-166 | | 0% | | 151-158 | | 0% | | 143-150 | | 0% | | 135-142 | | 0% | | 127-134 | | 0% | | 119-126 | | 0% | | 111-118 | | 0% | | 103-110 | | 0% | | 95-102 | | 0% | | 87-94 | | 0.1% | | 79-86 | | 0.3% | | 71-78 | | 0.6% | | 63-70 | | 1.4% | | 55-62 | | 2% | | 47-54 | | 3.5% | | 39-46 | | 6.8% | | 31-38 | | 11.7% | | 23-30 | | 17.7% | | 15-22 | | 21.1% | | 7-14 | | 24.5% | | 1-6 | | 10.1% |
|
|
Most-Published Comic Book Characters Quiz
-
- Created Dec 1, 2009 in Entertainment
- Featured Jan 20, 2010
- Game Plays 84,580
Remember, Sporcle is now...
